| 000 | 00448nam a2200157Ia 4500 | ||
|---|---|---|---|
| 003 | GCL | ||
| 008 | 140319s9999 xx 000 0 eng d | ||
| 040 |
_aGCL / _cGCL |
||
| 082 | 0 | 4 |
_a708 _bM H |
| 100 | 1 | _aMARCEAU, HENRI | |
| 245 | 1 | 0 |
_aHANDBOOK OF THE PHILADELPHIA MUSEUM OF ART: A GUIDE TO THE MUSEUM AND ITS COLLECTIONS / _cMARCEAU, HENRI |
| 260 |
_a[S.N] : _bMUSEUM OF PHILA DELPHIC |
||
| 650 | 0 | 4 | _aMUSEUMS |
| 650 | 0 | 4 | _aARTS |
| 942 |
_2ddc _cBK |
||
| 999 |
_c19562 _d19562 |
||